[Event "Francophonie-ch"]
[Site "Yamoussoukro CIV"]
[Date "2023.07.11"]
[Round "8.2"]
[White "Chiku-Ratte, Olivier-Kenta"]
[Black "Sambuev, Bator"]
[Result "0-1"]
[WhiteElo "2318"]
[BlackElo "2457"]
[PlyCount "78"]
[EventDate "2023.07.02"]
[EventType "swiss"]
[EventRounds "9"]
[EventCountry "IVO"]
[Source "ChessMix"]
[SourceDate "2023.07.20"]
[TimeControl "5400+30"]

1. d4 {[%emt 0:00:03]} Nf6 {[%emt 0:00:10]} 2. c4 {[%emt 0:00:08]} e6 {
[%emt 0:00:14]} 3. Nf3 {[%emt 0:00:05]} d5 {[%emt 0:00:06]} 4. e3 {
[%emt 0:00:05]} Be7 {[%emt 0:07:26]} 5. Bd3 {[%emt 0:00:51]} O-O {
[%emt 0:00:19]} 6. O-O {[%emt 0:00:10]} b6 {[%emt 0:00:43]} 7. Nc3 {
[%emt 0:01:57]} Bb7 {[%emt 0:03:40]} 8. cxd5 {[%emt 0:00:28]} exd5 {
[%emt 0:00:22]} 9. b3 {[%emt 0:00:36]} Nbd7 {[%emt 0:06:53]} 10. Bb2 {
[%emt 0:00:20]} Re8 {[%emt 0:03:15]} 11. Rc1 {[%emt 0:01:34]} a6 {
[%emt 0:05:23]} 12. Ne2 {[%emt 0:07:11]} Bd6 {[%emt 0:01:35]} 13. Nf4 {
[%emt 0:13:10]} Ne4 {[%emt 0:08:53]} 14. Be2 {[%emt 0:02:06]} Rc8 {
[%emt 0:10:51]} 15. Nd3 {[%emt 0:05:42]} c5 {[%emt 0:02:51]} 16. Nfe5 {
[%emt 0:10:30]} cxd4 {[%emt 0:05:37]} 17. exd4 {[%emt 0:04:42]} f6 {
[%emt 0:05:25]} 18. Nxd7 {[%emt 0:12:21]} Qxd7 {[%emt 0:00:42]} 19. Bg4 {
[%emt 0:04:01]} Rxc1 {[%emt 0:01:41]} 20. Bxd7 {[%emt 0:01:45]} Rxd1 {
[%emt 0:00:08]} 21. Rxd1 {[%emt 0:00:03]} Re7 {[%emt 0:00:08]} 22. Bg4 {
[%emt 0:00:15]} a5 {[%emt 0:01:33]} 23. f3 {[%emt 0:05:22]} Ng5 {[%emt 0:00:56]
} 24. Bc1 {[%emt 0:04:46]} Ne6 {[%emt 0:03:52]} 25. Bxe6+ {[%emt 0:04:50]} Rxe6
{[%emt 0:01:19]} 26. Bf4 {[%emt 0:00:49]} Ba3 {[%emt 0:01:27]} 27. Bc1 {
[%emt 0:05:56]} Bf8 {[%emt 0:00:14]} 28. Nf4 {[%emt 0:01:17]} Re8 {
[%emt 0:00:31]} 29. Bd2 {[%emt 0:00:07]} g5 {[%emt 0:03:29]} 30. Nh5 {
[%emt 0:00:13]} Kf7 {[%emt 0:00:07]} 31. Ng3 {[%emt 0:06:57]} Kg6 {
[%emt 0:05:05]} 32. Kf2 {[%emt 0:00:26]} Ba3 {[%emt 0:01:05]} 33. Bc1 {
[%emt 0:04:46]} Bd6 {[%emt 0:00:30]} 34. h4 {[%emt 0:01:38]} gxh4 {
[%emt 0:01:43]} 35. Ne2 {[%emt 0:00:29]} Ba6 {[%emt 0:01:36]} 36. Nf4+ {
[%emt 0:00:36]} Kf5 {[%emt 0:00:28]} 37. Nxd5 {[%emt 0:02:01]} Bg3+ {
[%emt 0:00:23]} 38. Kg1 {[%emt 0:00:01]} Be2 {[%emt 0:00:17]} 39. Rd2 {
[%emt 0:01:10]} Bc4 {[%emt 0:00:23]} 0-1

[Event "Francophonie-ch"]
[Site "Yamoussoukro CIV"]
[Date "2023.07.12"]
[Round "9.3"]
[White "Filali, Razzouki Marouane"]
[Black "Chiku-Ratte, Olivier-Kenta"]
[Result "1/2-1/2"]
[WhiteElo "2214"]
[BlackElo "2318"]
[PlyCount "52"]
[EventDate "2023.07.02"]
[EventType "swiss"]
[EventRounds "9"]
[EventCountry "IVO"]
[Source "ChessMix"]
[SourceDate "2023.07.20"]

1. e4 e5 2. Nf3 Nc6 3. Bc4 Nf6 4. d3 Bc5 5. Nc3 d6 6. h3 a6 7. a3 h6 8. Qe2 Be6
9. Ba2 Qd7 10. Be3 Bxa2 11. Nxa2 Bxe3 12. fxe3 d5 13. exd5 Nxd5 14. Nd2 O-O 15.
g4 f5 16. gxf5 Rxf5 17. O-O-O Raf8 18. Rh2 Qf7 19. c4 Nf6 20. Nc3 b5 21. Rg1
Kh7 22. Rhg2 Rg8 23. cxb5 axb5 24. Nxb5 Qh5 25. Nc3 Qxe2 26. Rxe2 Rd8 1/2-1/2

[Event "Laval op"]
[Site "Laval CAN"]
[Date "2023.06.23"]
[Round "1.2"]
[White "Chiku-Ratte, Olivier-Kenta"]
[Black "Deboosere, Adam"]
[Result "1-0"]
[WhiteElo "2394"]
[BlackElo "1998"]
[PlyCount "61"]
[EventDate "2023.06.23"]
[EventType "swiss"]
[EventRounds "5"]
[EventCountry "CAN"]

1. d4 Nf6 2. c4 e6 3. Nf3 b6 4. g3 Bb7 5. Bg2 Bb4+ 6. Nbd2 O-O 7. O-O d5 8. a3
Bd6 9. b3 Nbd7 10. Bb2 Rc8 11. e3 Ne4 12. Ne1 f5 13. Nd3 Nxd2 14. Qxd2 Nf6 15.
Qc2 c6 16. a4 Qe7 17. c5 bxc5 18. dxc5 Bb8 19. Ne5 Nd7 20. Nxd7 Qxd7 21. f4 Ba6
22. Rf2 Rce8 23. Rd1 Qc8 24. Qc3 e5 25. b4 Re7 26. b5 cxb5 27. Bxd5+ Kh8 28. c6
Rd8 29. axb5 Bxb5 30. Qb4 Bxc6 31. Qxe7 1-0

[Event "Laval op"]
[Site "Laval CAN"]
[Date "2023.06.24"]
[Round "2.2"]
[White "Latorre, Vincent"]
[Black "Chiku-Ratte, Olivier-Kenta"]
[Result "0-1"]
[WhiteElo "2203"]
[BlackElo "2394"]
[PlyCount "72"]
[EventDate "2023.06.23"]
[EventType "swiss"]
[EventRounds "5"]
[EventCountry "CAN"]

1. e4 e5 2. Nf3 Nc6 3. Bc4 Nf6 4. d3 Bc5 5. c3 d6 6. a4 a6 7. b4 Ba7 8. O-O h6
9. h3 g5 10. Be3 g4 11. hxg4 Nxg4 12. Bxa7 Rxa7 13. d4 Qf6 14. b5 Na5 15. Be2
b6 16. c4 Rg8 17. Ra3 Qg7 18. Ne1 exd4 19. Nd2 Qf6 20. Ndf3 d3 21. Bxd3 Be6 22.
Qc2 Nb7 23. Be2 Nc5 24. Nd2 h5 25. Nd3 Qg7 26. Nf4 Qe5 27. Rf3 axb5 28. axb5 h4
29. Qc3 Ra2 30. Rd1 h3 31. Qxe5 h2+ 32. Kh1 dxe5 33. Nd3 Nxd3 34. Bxd3 Ke7 35.
g3 Rd8 36. Kg2 h1=Q+ 0-1

[Event "Laval op"]
[Site "Laval CAN"]
[Date "2023.06.24"]
[Round "3.2"]
[White "Chiku-Ratte, Olivier-Kenta"]
[Black "Batorshyn, Ilia"]
[Result "1-0"]
[WhiteElo "2394"]
[BlackElo "2243"]
[PlyCount "105"]
[EventDate "2023.06.23"]
[EventType "swiss"]
[EventRounds "5"]
[EventCountry "CAN"]

1. Nf3 Nf6 2. d4 e6 3. g3 c5 4. Bg2 Nc6 5. O-O cxd4 6. Nxd4 Be7 7. c4 O-O 8.
Nc3 d5 9. cxd5 Nxd5 10. Nxc6 bxc6 11. Bd2 Bb7 12. Rc1 c5 13. Na4 Rc8 14. Qb3
Qc7 15. Qc4 Rfd8 16. Rfd1 Nb6 17. Nxb6 Qxb6 18. Bxb7 Qxb7 19. Bc3 Rd5 20. e4
Rdd8 21. b3 a6 22. Ba5 Rxd1+ 23. Rxd1 Qb5 24. Bc3 Qxc4 25. bxc4 Rd8 26. Rb1 f6
27. Kf1 Kf7 28. Ke2 Ke8 29. f4 Kf7 30. Rb7 Ra8 31. e5 f5 32. Ba5 h6 33. h4 g6
34. Bc7 Ke8 35. Kd3 Bf8 36. Kc3 Be7 37. Kb3 Bf8 38. Ka4 Kd7 39. Ba5+ Ke8 40.
Bb6 Be7 41. Ka5 Bf8 42. Bc7 g5 43. hxg5 hxg5 44. fxg5 Kf7 45. Bd8+ Kg6 46. Bf6
Kh5 47. Rh7+ Kg6 48. Rh8 Kf7 49. a4 Rb8 50. Kxa6 Ra8+ 51. Kb5 Rb8+ 52. Kc6 Ra8
53. a5 1-0

[Event "Laval op"]
[Site "Laval CAN"]
[Date "2023.06.25"]
[Round "4.1"]
[White "Rodrigue-Lemieux, Shawn"]
[Black "Chiku-Ratte, Olivier-Kenta"]
[Result "1/2-1/2"]
[WhiteElo "2650"]
[BlackElo "2394"]
[PlyCount "73"]
[EventDate "2023.06.23"]
[EventType "swiss"]
[EventRounds "5"]
[EventCountry "CAN"]

1. e4 c5 2. Nf3 d6 3. Bb5+ Nd7 4. Ba4 a6 5. c4 Ngf6 6. O-O g6 7. Nc3 Bg7 8. d3
O-O 9. h3 Ne5 10. Nxe5 dxe5 11. a3 Nh5 12. Be3 Nf4 13. Nd5 Ne6 14. Qb3 Nd4 15.
Qb6 e6 16. Qxd8 Rxd8 17. Bg5 exd5 18. Bxd8 b5 19. cxb5 axb5 20. Bd1 dxe4 21.
dxe4 Bb7 22. Bb6 c4 23. f3 Bh6 24. Kf2 b4 25. Rb1 bxa3 26. bxa3 Ba6 27. Ba5 c3
28. Bxc3 Bxf1 29. Kxf1 Rxa3 30. Rb8+ Kg7 31. Bb4 Ra1 32. Bf8+ Kf6 33. Bxh6
Rxd1+ 34. Kf2 g5 35. Rg8 Ne6 36. Kg3 Rg1 37. Kh2 1/2-1/2

[Event "Laval op"]
[Site "Laval CAN"]
[Date "2023.06.25"]
[Round "5.2"]
[White "Chiku-Ratte, Olivier-Kenta"]
[Black "Wiebe, Isaac"]
[Result "1/2-1/2"]
[WhiteElo "2394"]
[BlackElo "2200"]
[PlyCount "109"]
[EventDate "2023.06.23"]
[EventType "swiss"]
[EventRounds "5"]
[EventCountry "CAN"]

1. d4 d5 2. Nf3 Nf6 3. g3 b5 4. e3 b4 5. a3 e6 6. axb4 Bxb4+ 7. Bd2 Bd6 8. c4
dxc4 9. Bg2 Bb7 10. O-O O-O 11. Bc3 Nbd7 12. Nbd2 Nb6 13. Qe2 c5 14. e4 cxd4
15. Bxd4 Nfd7 16. e5 Bc5 17. Bc3 Qe7 18. Nxc4 Nxc4 19. Qxc4 Bd5 20. Qg4 Rfb8
21. Ra4 Nf8 22. h4 a5 23. Rfa1 Bb4 24. Bxb4 Rxb4 25. Rxb4 axb4 26. Rxa8 Bxa8
27. Qd4 Bd5 28. Ne1 Bxg2 29. Kxg2 Qb7+ 30. Kh2 h5 31. Nd3 b3 32. Nc5 Qf3 33.
Kg1 Ng6 34. Ne4 Qe2 35. Qd8+ Nf8 36. Qd4 Ng6 37. Kg2 Qb5 38. Qd8+ Nf8 39. Qc7
Qd5 40. f3 Qd3 41. Qc3 Qc2+ 42. Kh3 Qd1 43. Kg2 Qc2+ 44. Kf1 Qd1+ 45. Kf2 Ng6
46. Qc8+ Nf8 47. Qc3 Ng6 48. f4 Ne7 49. Qd2 Qc2 50. Kf3 Nd5 51. Qe2 Qb1 52. Kg2
Qc2 53. Kf3 Qb1 54. Kg2 Qc2 55. Kf3 1/2-1/2

[Event "Transnational Crown"]
[Site "Montreal CAN"]
[Date "2023.06.06"]
[Round "1.9"]
[White "Chiku-Ratte, Olivier-Kenta"]
[Black "Cruz, Cristhian"]
[Result "0-1"]
[WhiteElo "2311"]
[BlackElo "2522"]
[PlyCount "98"]
[EventDate "2023.06.06"]
[EventType "swiss"]
[EventRounds "9"]
[EventCountry "CAN"]

1. d4 e6 2. c4 Nf6 3. Nc3 Bb4 4. e3 O-O 5. a3 Bxc3+ 6. bxc3 b6 7. Bd3 Bb7 8. f3
Nc6 9. e4 Ne8 10. Nh3 Qh4+ 11. Nf2 Na5 12. Rb1 Ba6 13. Qe2 f5 14. O-O fxe4 15.
fxe4 e5 16. Be3 Nd6 17. Rb4 Rae8 18. g3 Qe7 19. c5 Bxd3 20. Qxd3 Nf7 21. d5 d6
22. c6 Ng5 23. Kg2 h6 24. h4 Nh7 25. Ng4 Rxf1 26. Qxf1 Rf8 27. Qe2 Qe8 28. Nf2
Nf6 29. Ng4 Nh5 30. Bf2 Qg6 31. Kh3 Kh8 32. Ne3 Nf6 33. Qf3 Qe8 34. Qe2 h5 35.
Kg2 Kg8 36. Qd3 Qg6 37. Nf5 Kh7 38. Be3 Nxe4 39. Qxe4 Rxf5 40. Bg5 Nb3 41. Qe2
Nc5 42. g4 hxg4 43. Rxg4 Qf7 44. c4 Qh5 45. Kg3 g6 46. Bd8 Rf4 47. Kh3 Qf5 48.
Qg2 Ne4 49. h5 Nf2+ 0-1

[Event "Transnational Crown"]
[Site "Montreal CAN"]
[Date "2023.06.07"]
[Round "2.21"]
[White "Hernandez Moya, Yuleisy"]
[Black "Chiku-Ratte, Olivier-Kenta"]
[Result "0-1"]
[WhiteElo "2202"]
[BlackElo "2311"]
[PlyCount "62"]
[EventDate "2023.06.06"]
[EventType "swiss"]
[EventRounds "9"]
[EventCountry "CAN"]

1. e4 e5 2. Nf3 Nc6 3. Bb5 a6 4. Ba4 d6 5. c3 f5 6. d3 Nf6 7. Nbd2 Be7 8. O-O
fxe4 9. dxe4 Nd7 10. b4 O-O 11. Bb3+ Kh8 12. Re1 Qe8 13. a3 Nf6 14. Nf1 Nh5 15.
Ng3 Bg4 16. Re3 Bg5 17. Rd3 Nf4 18. Bxf4 exf4 19. Ne2 Bxf3 20. Rxf3 Ne5 21. Rh3
c5 22. Bd5 f3 23. Ng3 g6 24. Bxb7 Ra7 25. Bd5 Qc8 26. Nf1 fxg2 27. Kxg2 Rxf2+
28. Kxf2 Qxh3 29. bxc5 Ng4+ 30. Kg1 Be3+ 31. Nxe3 Qxh2+ 0-1

[Event "Transnational Crown"]
[Site "Montreal CAN"]
[Date "2023.06.08"]
[Round "3.18"]
[White "Chiku-Ratte, Olivier-Kenta"]
[Black "Han, Johnathan"]
[Result "0-1"]
[WhiteElo "2311"]
[BlackElo "2140"]
[PlyCount "120"]
[EventDate "2023.06.06"]
[EventType "swiss"]
[EventRounds "9"]
[EventCountry "CAN"]

1. d4 Nf6 2. c4 e6 3. Nc3 Bb4 4. a3 Bxc3+ 5. bxc3 c5 6. e3 O-O 7. Bd3 Nc6 8.
Ne2 b6 9. e4 Ne8 10. O-O Ba6 11. f4 f5 12. exf5 exf5 13. dxc5 bxc5 14. Be3 d6
15. Ng3 g6 16. Qa4 Bb7 17. Rab1 Qc7 18. Be2 Ne7 19. Rxb7 Qxb7 20. Bf3 Qc8 21.
Bxa8 Qxa8 22. Rd1 Nc8 23. Qb5 Nb6 24. a4 Nc7 25. Qb3 Qe8 26. Bf2 Qe6 27. a5
Qxc4 28. Rb1 Qxb3 29. Rxb3 Nc4 30. Rb7 Nd5 31. Rxa7 Rb8 32. h4 Rb1+ 33. Kh2
Nxf4 34. a6 Ra1 35. h5 Ne5 36. Nh1 Ng4+ 37. Kg3 Nxh5+ 38. Kf3 Ne5+ 39. Ke2 Nf4+
40. Kd2 Rxh1 41. Rb7 Nc4+ 42. Kc2 Nd5 43. a7 Ndb6 44. Bg3 Ra1 45. Bxd6 Nxd6 46.
Rxb6 Rxa7 47. Rxd6 Ra2+ 48. Kd3 Rxg2 49. Rd5 h5 50. Rxc5 h4 51. Rc4 h3 52. Rh4
h2 53. c4 g5 54. Rh5 g4 55. c5 Rg3+ 56. Kd4 Rh3 57. Rg5+ Kh7 58. c6 h1=Q 59. c7
Qe4+ 60. Kc5 Rc3+ 0-1

[Event "Transnational Crown"]
[Site "Montreal CAN"]
[Date "2023.06.09"]
[Round "5.22"]
[White "Demchenko, Svitlana"]
[Black "Chiku-Ratte, Olivier-Kenta"]
[Result "1-0"]
[WhiteElo "2173"]
[BlackElo "2311"]
[PlyCount "115"]
[EventDate "2023.06.06"]
[EventType "swiss"]
[EventRounds "9"]
[EventCountry "CAN"]

1. d4 Nf6 2. Nf3 g6 3. Nc3 d5 4. Bf4 Bg7 5. Nb5 Na6 6. e3 O-O 7. h3 c6 8. Nc3
Nb8 9. Bd3 b6 10. Ne5 Nfd7 11. h4 Nxe5 12. Bxe5 Bxe5 13. dxe5 d4 14. exd4 Qxd4
15. Qe2 Nd7 16. e6 Ne5 17. O-O-O Nxd3+ 18. Rxd3 Qf4+ 19. Re3 Bxe6 20. g3 Qd4
21. h5 g5 22. h6 Kh8 23. Re5 Rae8 24. Rxg5 Rg8 25. Rh4 Qd6 26. Ne4 Qc7 27. Qe3
f6 28. Rxg8+ Kxg8 29. Ng5 Bf5 30. Rf4 e6 31. Rxf5 Qe7 32. Nxe6 Qxe6 33. Rxf6
Qd7 34. Qg5+ Kh8 35. Qe5 Kg8 36. Qg5+ Kh8 37. Qg7+ Qxg7 38. hxg7+ Kxg7 39. Rxc6
Re2 40. Rc7+ Kg6 41. Rxa7 Rxf2 42. Ra6 Rf1+ 43. Kd2 Rf2+ 44. Kd1 Rf6 45. a4 Kg5
46. b4 Kg4 47. a5 Rf1+ 48. Ke2 Rc1 49. Kd2 Ra1 50. Rxb6 Kxg3 51. Rh6 Kf4 52.
Rxh7 Ra3 53. Re7 Ra4 54. Kc3 Ra3+ 55. Kc4 Ra2 56. c3 Ra3 57. Kd4 Ra4 58. Rf7+
1-0

[Event "Chicago op"]
[Site "Wheeling USA"]
[Date "2023.05.28"]
[Round "6.4"]
[White "Mardov, Dimitar"]
[Black "Chiku-Ratte, Olivier-Kenta"]
[Result "1-0"]
[WhiteElo "2461"]
[BlackElo "2311"]
[PlyCount "117"]
[EventDate "2023.05.25"]
[EventType "swiss"]
[EventRounds "9"]
[EventCountry "USA"]
[Source "ChessMix"]
[SourceDate "2023.06.10"]

1. e4 e5 2. Nf3 Nc6 3. Bc4 Nf6 4. d3 Bc5 5. O-O h6 6. a4 d6 7. c3 a6 8. h3 Ba7
9. Re1 O-O 10. Nbd2 Be6 11. Bxe6 fxe6 12. b4 Nh5 13. Nf1 Qe8 14. Ra2 Qg6 15. b5
axb5 16. axb5 Ne7 17. d4 exd4 18. cxd4 Bb6 19. Rxa8 Rxa8 20. Qb3 Rf8 21. Bd2
Qf7 22. Be3 Ng6 23. N1h2 Nf6 24. Ng4 Kh8 25. Nxf6 Qxf6 26. Rd1 Ra8 27. Qc4 e5
28. Qd5 Rf8 29. Qxb7 Nh4 30. Nxh4 exd4 31. Bxd4 Bxd4 32. Ng6+ Qxg6 33. Rxd4 Qf6
34. Rd2 Qa1+ 35. Kh2 Qe1 36. Rc2 Rxf2 37. Qc8+ Kh7 38. Rxf2 Qxf2 39. Qf5+ Qxf5
40. exf5 g6 41. fxg6+ Kxg6 42. Kg3 Kg5 43. Kf3 Kf5 44. g4+ Ke5 45. Ke3 d5 46.
h4 d4+ 47. Kd3 Kf4 48. Kxd4 Kxg4 49. Kc5 Kxh4 50. Kc6 Kg3 51. Kxc7 h5 52. b6 h4
53. b7 h3 54. b8=Q Kg2 55. Qb7+ Kg1 56. Qb1+ Kg2 57. Qe4+ Kg1 58. Qg4+ Kh2 59.
Kd6 1-0

[Event "Chicago op"]
[Site "Wheeling USA"]
[Date "2023.05.29"]
[Round "8"]
[White "Shlyakhtenko, Robert"]
[Black "Chiku-Ratte, Olivier-Kenta"]
[Result "1/2-1/2"]
[WhiteElo "2427"]
[BlackElo "2311"]
[PlyCount "52"]
[EventDate "2023.05.25"]
[EventType "swiss"]
[EventRounds "9"]
[EventCountry "USA"]
[Source "ChessMix"]
[SourceDate "2023.06.10"]

1. d4 d5 2. c4 c6 3. Nf3 Nf6 4. e3 e6 5. Bd3 Nbd7 6. b3 Bd6 7. Bb2 O-O 8. O-O
b6 9. Nc3 Bb7 10. Qc2 Qe7 11. e4 dxe4 12. Nxe4 Nxe4 13. Bxe4 Nf6 14. Bd3 Ba3
15. Bc3 h6 16. Rfe1 Rfd8 17. Re5 Bd6 18. Re2 Bb4 19. Bb2 Ba3 20. Bc3 Bb4 21.
Bxb4 Qxb4 22. Rae1 Qd6 23. Be4 Nxe4 24. Qxe4 Rab8 25. Qe3 c5 26. dxc5 Qxc5
1/2-1/2

[Event "Foxwoods op"]
[Site "Mashantucket USA"]
[Date "2023.04.06"]
[Round "3"]
[White "Chiku-Ratte, Olivier-Kenta"]
[Black "Fus, Jakub"]
[Result "1/2-1/2"]
[WhiteElo "2311"]
[BlackElo "2417"]
[PlyCount "74"]
[EventDate "2023.04.05"]
[EventType "swiss"]
[EventRounds "9"]
[EventCountry "USA"]
[Source "ChessMix"]
[SourceDate "2023.04.20"]

1. c4 e5 2. Nc3 Nf6 3. g3 Bc5 4. Bg2 O-O 5. e3 c6 6. d4 exd4 7. exd4 Bb4 8.
Nge2 d5 9. cxd5 Nxd5 10. O-O Be6 11. a3 Ba5 12. Ne4 Nd7 13. Bg5 Qb8 14. Nf4 Re8
15. Nxe6 Rxe6 16. b4 Bb6 17. Nc5 Bxc5 18. Bxd5 cxd5 19. dxc5 Qe5 20. Qd2 Qf5
21. Qf4 Qh3 22. Qf3 h6 23. Be3 Re4 24. Qg2 Qf5 25. Bf4 a5 26. Bd6 axb4 27. axb4
Rxa1 28. Rxa1 Ne5 29. Bxe5 Qxe5 30. Ra8+ Kh7 31. Qf3 Qe6 32. Qd3 g6 33. Rd8
Rxb4 34. Qxd5 Qxd5 35. Rxd5 Kg7 36. Rd7 Rc4 37. Rxb7 Rxc5 1/2-1/2

[Event "Foxwoods op"]
[Site "Mashantucket USA"]
[Date "2023.04.07"]
[Round "5"]
[White "Chiku-Ratte, Olivier-Kenta"]
[Black "Macieja, Bartlomiej"]
[Result "0-1"]
[WhiteElo "2311"]
[BlackElo "2513"]
[PlyCount "174"]
[EventDate "2023.04.05"]
[EventType "swiss"]
[EventRounds "9"]
[EventCountry "USA"]
[Source "ChessMix"]
[SourceDate "2023.04.20"]

1. d4 e6 2. c4 b6 3. Nc3 Bb4 4. Bd2 Nf6 5. Nf3 Bb7 6. g3 c5 7. a3 Bxc3 8. Bxc3
cxd4 9. Qxd4 Nc6 10. Qf4 Rc8 11. Bg2 Na5 12. Bxa5 bxa5 13. b4 Qc7 14. Qxc7 Rxc7
15. O-O Bxf3 16. Bxf3 axb4 17. axb4 Rxc4 18. Rxa7 Ke7 19. Rb7 Rhc8 20. Rb6 Rc1
21. Rxc1 Rxc1+ 22. Kg2 Rb1 23. Ba8 g5 24. h3 h5 25. b5 g4 26. Rb8 d5 27. Bc6
Ne4 28. hxg4 hxg4 29. b6 Kd6 30. Be8 f5 31. b7 Kc7 32. Rc8+ Kxb7 33. Rc6 Rb6
34. Rxb6+ Kxb6 35. f3 gxf3+ 36. exf3 Nd6 37. Bd7 e5 38. g4 fxg4 39. fxg4 Ne4
40. Bf5 Ng5 41. Kg3 Kc5 42. Kh4 Nf3+ 43. Kh5 Nd4 44. Bc8 e4 45. g5 e3 46. g6 e2
47. g7 e1=Q 48. g8=Q Qe5+ 49. Qg5 Qe8+ 50. Kh6 Nc6 51. Qc1+ Kb6 52. Bf5 Qe5 53.
Qg1+ d4 54. Qb1+ Kc5 55. Be4 Qf4+ 56. Kg7 Ne5 57. Qb7 Qg5+ 58. Kh7 Qd8 59. Kg7
Kc4 60. Qa6+ Kb4 61. Qb7+ Kc3 62. Qb1 Kd2 63. Bf5 Qg5+ 64. Kh7 Qe7+ 65. Kg8
Qf7+ 66. Kh8 Qd5 67. Kg7 Qf7+ 68. Kh8 Qd5 69. Kg7 Ke2 70. Kf6 Nf3 71. Qd3+ Kf2
72. Qe4 Qd8+ 73. Qe7 Qh8+ 74. Qg7 Qh4+ 75. Ke6 Qf4 76. Bg6 Ke3 77. Kd5 Qg5+ 78.
Kc4 Qxg6 79. Qe7+ Qe4 80. Qa7 Ne5+ 81. Kc5 Qc6+ 82. Kb4 Qc3+ 83. Kb5 Qc4+ 84.
Kb6 Qb4+ 85. Kc7 Qe7+ 86. Kb6 Qxa7+ 87. Kxa7 d3 0-1

[Event "Foxwoods op"]
[Site "Mashantucket USA"]
[Date "2023.04.08"]
[Round "7"]
[White "Zhou Jianchao"]
[Black "Chiku-Ratte, Olivier-Kenta"]
[Result "1-0"]
[WhiteElo "2555"]
[BlackElo "2311"]
[PlyCount "69"]
[EventDate "2023.04.05"]
[EventType "swiss"]
[EventRounds "9"]
[EventCountry "USA"]
[Source "ChessMix"]
[SourceDate "2023.04.20"]

1. Nf3 Nf6 2. c4 c6 3. Nc3 d5 4. e3 e6 5. b3 Bd6 6. Bb2 O-O 7. Be2 Nbd7 8. Qc2
Qe7 9. Rg1 e5 10. g4 dxc4 11. bxc4 Nc5 12. g5 Nfd7 13. h4 Re8 14. h5 Nf8 15.
O-O-O e4 16. Nd4 Be5 17. f3 Bxd4 18. exd4 Nd3+ 19. Bxd3 exd3 20. Qxd3 b5 21. d5
bxc4 22. Qd4 c5 23. Qxc4 Bf5 24. Nb5 Nd7 25. d6 Qe2 26. Qxe2 Rxe2 27. Rde1 Rf2
28. Re3 c4 29. Rge1 Rf8 30. Bd4 Rg2 31. h6 gxh6 32. gxh6 a6 33. Nc7 c3 34. Bxc3
Nc5 35. Nd5 1-0

[Event "Foxwoods op"]
[Site "Mashantucket USA"]
[Date "2023.04.09"]
[Round "8"]
[White "Chiku-Ratte, Olivier-Kenta"]
[Black "De La Colina, Nicolas"]
[Result "1-0"]
[WhiteElo "2311"]
[BlackElo "2244"]
[PlyCount "73"]
[EventDate "2023.04.05"]
[EventType "swiss"]
[EventRounds "9"]
[EventCountry "USA"]
[Source "ChessMix"]
[SourceDate "2023.04.20"]

1. d4 Nf6 2. c4 g6 3. Nc3 Bg7 4. e4 d6 5. f4 O-O 6. Nf3 c5 7. d5 e6 8. Be2 exd5
9. cxd5 Nbd7 10. O-O Re8 11. Nd2 c4 12. a4 Nc5 13. Bf3 Bd7 14. e5 dxe5 15. fxe5
Rxe5 16. Nxc4 Re8 17. Be3 Nfe4 18. Nxe4 Nxe4 19. Bd4 f5 20. Bxg7 Kxg7 21. Qd4+
Qf6 22. Qxf6+ Kxf6 23. Rfd1 Rac8 24. b3 Rc5 25. Rd4 Ng5 26. Kf2 b6 27. Rad1 Nf7
28. b4 Rcc8 29. b5 Rc5 30. d6 Rec8 31. Ne3 Rc1 32. R1d2 R8c5 33. Nd5+ Kg7 34.
Nb4 Ne5 35. Nc6 a5 36. Nxe5 Rxe5 37. Bc6 1-0

[Event "Foxwoods op"]
[Site "Mashantucket USA"]
[Date "2023.04.09"]
[Round "9"]
[White "Chiku-Ratte, Olivier-Kenta"]
[Black "Aadit, Bhatia"]
[Result "1-0"]
[WhiteElo "2311"]
[BlackElo "1926"]
[PlyCount "123"]
[EventDate "2023.04.05"]
[EventType "swiss"]
[EventRounds "9"]
[EventCountry "USA"]
[Source "ChessMix"]
[SourceDate "2023.04.20"]

1. d4 d5 2. c4 c6 3. Nf3 e6 4. e3 f5 5. Bd3 Nf6 6. b3 Bd6 7. O-O Qe7 8. a4 a5
9. Ba3 Na6 10. Bxd6 Qxd6 11. c5 Qe7 12. Bxa6 Rxa6 13. Ne5 O-O 14. Qc2 Ng4 15.
Nd2 Nxe5 16. dxe5 f4 17. e4 Qc7 18. Qc3 Ra8 19. Rfe1 Bd7 20. Rac1 Rad8 21. Nf3
Be8 22. exd5 Rxd5 23. Rcd1 Rf5 24. b4 axb4 25. Qxb4 Bh5 26. Rxd5 exd5 27. Qb1
Bg6 28. Qb2 Rf7 29. e6 Re7 30. Nd4 Qa5 31. Rc1 h6 32. h4 Qxa4 33. h5 Be4 34. f3
Bd3 35. Kh2 Kh7 36. Kh3 Qa5 37. Rd1 Rxe6 38. Nxe6 Bf5+ 39. Kh2 Bxe6 40. Qe5 Bf7
41. Qf5+ Kg8 42. Qc8+ Kh7 43. Qxb7 Qa4 44. Qb1+ Kg8 45. Re1 Qd4 46. Qb8+ Kh7
47. Re7 Bxh5 48. Qe5 Qxe5 49. Rxe5 Bf7 50. Rf5 Bg6 51. Rxf4 Bd3 52. Kg1 g5 53.
Rf6 Bb5 54. Rd6 h5 55. g3 Kg7 56. f4 h4 57. fxg5 hxg3 58. Kg2 d4 59. Kxg3 d3
60. Kf4 Kf7 61. g6+ Ke7 62. Ke5 1-0

[Event "Aurora Spring op"]
[Site "Newmarket CAN"]
[Date "2023.03.25"]
[Round "1"]
[White "Duong, Thanh Nha"]
[Black "Chiku-Ratte, Olivier-Kenta"]
[Result "1/2-1/2"]
[WhiteElo "2074"]
[BlackElo "2301"]
[PlyCount "155"]
[EventDate "2023.03.25"]
[EventType "swiss"]
[EventRounds "5"]
[EventCountry "CAN"]

1. Nf3 Nf6 2. c4 c6 3. g3 d5 4. cxd5 cxd5 5. d4 Nc6 6. Bg2 Qa5+ 7. Nc3 Ne4 8.
Qb3 e6 9. Be3 Nd6 10. Bf4 Be7 11. O-O O-O 12. Rfd1 Qa6 13. Bxd6 Bxd6 14. e4
dxe4 15. Nxe4 Be7 16. Rac1 Rd8 17. a3 Qa5 18. h4 Qf5 19. Qe3 Qb5 20. Rd2 Bd7
21. b4 a5 22. Bf1 Qb6 23. b5 Na7 24. a4 Bb4 25. Rdc2 Be8 26. Nc5 Nc8 27. Ne5
Ne7 28. Qe4 Nf5 29. Nf3 Nd6 30. Qf4 Rac8 31. h5 h6 32. g4 Ba3 33. Rd1 Bxc5 34.
dxc5 Rxc5 35. Rcd2 Rd5 36. Rxd5 exd5 37. Rxd5 f6 38. Qd4 Qxd4 39. Rxd4 Kf8 40.
Nd2 Bf7 41. Bc4 Be8 42. Kf1 Ke7 43. Ke2 f5 44. f3 Nc8 45. Kd3 Nb6 46. Bb3 fxg4
47. fxg4 Nd7 48. Ke3 Nf6 49. Rxd8 Kxd8 50. Be6 Kc7 51. Nc4 b6 52. Kf4 Nd7 53.
Bxd7 Bxd7 54. g5 Be6 55. Nd2 Kd6 56. gxh6 gxh6 57. Ne4+ Kd5 58. Nf6+ Kd4 59.
Ne8 Bf7 60. Nf6 Bb3 61. Ng4 Bd1 62. Nxh6 Bxh5 63. Nf5+ Kc5 64. Ne7 Bd1 65. Ke3
Bxa4 66. Nc8 Bb3 67. Kd2 a4 68. Kc3 Be6 69. Nxb6 a3 70. Kc2 Kb4 71. Kb1 Kxb5
72. Na8 Kc6 73. Ka1 Bb3 74. Kb1 a2+ 75. Kb2 Kb7 76. Ka1 Kxa8 77. Kb2 Bc2 78.
Kxa2 1/2-1/2

[Event "Aurora Spring op"]
[Site "Newmarket CAN"]
[Date "2023.03.25"]
[Round "2"]
[White "Chiku-Ratte, Olivier-Kenta"]
[Black "Mao, Fengxi"]
[Result "1-0"]
[WhiteElo "2301"]
[BlackElo "1987"]
[PlyCount "57"]
[EventDate "2023.03.25"]
[EventType "swiss"]
[EventRounds "5"]
[EventCountry "CAN"]

1. c4 b6 2. Nc3 Bb7 3. d4 e6 4. a3 f5 5. Nf3 Nf6 6. g3 Be7 7. Bg2 Ne4 8. Bd2
Bf6 9. O-O O-O 10. Rc1 Nxc3 11. Bxc3 Be4 12. d5 Bxc3 13. Rxc3 Qe7 14. Bh3 c5
15. Qd2 exd5 16. cxd5 Qf7 17. Ng5 Qh5 18. f3 h6 19. fxe4 hxg5 20. Bxf5 g6 21.
Be6+ dxe6 22. Rxf8+ Kxf8 23. Rf3+ Ke8 24. dxe6 g4 25. Rf7 Qe5 26. Qh6 Nd7 27.
Rxd7 Qxe6 28. Rg7 Qxe4 29. Qh8# 1-0